Los 7 Sacramentos de la Iglesia - Estadísticas

Estadísticas generales
  • Esta prueba ha sido intentada 128 veces
  • La puntuación promedio es 5 de 7
Estadísticas de respuestas
Sacramento % Correcto
Eucaristía
97%
Confirmación
92%
Bautismo
89%
Matrimonio
87%
Unción de los enfermos
68%
Orden sacerdotal
37%
Penitencia
29%
No se encontraron pruebas coincidentes
Distribución de puntuación
Porcentaje de gente con cada puntuación
Porcentaje por número respondido
Historial de tus puntuaciones
No has intentado esta prueba.